000 00366nam a22001577a 4500
003 NUST - PNEC
005 20170116181157.0
008 160114b xxu||||| |||| 00| 0 eng d
040 _cLIBRARY
082 _a307.72 JAN
100 _916059
_aJaneiro, Rio de
245 _aICOMAM : RIO 2008
_cRio de janeiro
260 _c-
300 _a394 p.
942 _2ddc
_cBK
999 _c71281
_d71281